<?xml version="1.0" encoding="UTF-8"?>
<collection xmlns:xsi="http://www.w3.org/2001/XMLSchema-instance" xsi:schemaLocation="http://www.loc.gov/MARC21/slim http://www.loc.gov/standards/marcxml/schema/MARC21slim.xsd" xmlns="http://www.loc.gov/MARC21/slim">
 <record>
  <leader>00000ctm a22000003i 4500</leader>
  <controlfield tag="001">UP-99796217612579454</controlfield>
  <controlfield tag="003">Buklod</controlfield>
  <controlfield tag="005">20230215105418.0</controlfield>
  <controlfield tag="006">m    |o  d |      </controlfield>
  <controlfield tag="007">ta</controlfield>
  <controlfield tag="008">170823s        xx     d     r    |||| u|</controlfield>
  <datafield tag="035" ind1=" " ind2=" ">
   <subfield code="a">(iLib)UPD-00343312281</subfield>
  </datafield>
  <datafield tag="040" ind1=" " ind2=" ">
   <subfield code="a">DENGII</subfield>
   <subfield code="e">rda</subfield>
  </datafield>
  <datafield tag="041" ind1=" " ind2=" ">
   <subfield code="a">eng</subfield>
  </datafield>
  <datafield tag="090" ind1=" " ind2=" ">
   <subfield code="a">LG 993.5 2016 E63</subfield>
   <subfield code="b">N68</subfield>
  </datafield>
  <datafield tag="100" ind1="1" ind2=" ">
   <subfield code="a">Novo, Ace D.</subfield>
   <subfield code="e">author.</subfield>
  </datafield>
  <datafield tag="245" ind1="1" ind2="0">
   <subfield code="a">Failure analysis of monopoles under simulated severe wind</subfield>
   <subfield code="c">Ace D. Novo ; Jaime Y. Hernandez Jr., adviser.</subfield>
  </datafield>
  <datafield tag="264" ind1=" " ind2="0">
   <subfield code="a">Quezon City</subfield>
   <subfield code="b">College of Engineering, University of the Philippines Diliman</subfield>
   <subfield code="c">2016.</subfield>
  </datafield>
  <datafield tag="300" ind1=" " ind2=" ">
   <subfield code="a">x, 51 leaves</subfield>
   <subfield code="b">color illustrations</subfield>
   <subfield code="c">28 cm</subfield>
  </datafield>
  <datafield tag="336" ind1=" " ind2=" ">
   <subfield code="a">text</subfield>
   <subfield code="2">rdacontent</subfield>
  </datafield>
  <datafield tag="337" ind1=" " ind2=" ">
   <subfield code="a">unmediated</subfield>
   <subfield code="2">rdamedia</subfield>
  </datafield>
  <datafield tag="338" ind1=" " ind2=" ">
   <subfield code="a">volume</subfield>
   <subfield code="2">rdacarrier</subfield>
  </datafield>
  <datafield tag="502" ind1=" " ind2=" ">
   <subfield code="a">Thesis (B.S. Civil Engineering)--University of the Philippines Diliman</subfield>
   <subfield code="d">June 2016.</subfield>
  </datafield>
  <datafield tag="520" ind1="3" ind2=" ">
   <subfield code="a">Transmission monopoles are widely used nowadays; however, because of its tall height and slenderness, it is highly vulnerable to increased wind loads. This study simulated and identified the different modes of failure the monopoles may undergo when subjected to windspeeds of 200kph and 351 kph. Both static and dynamic analyses of a free-standing monopole, and three monopoles connected by cables or transmission lines were performed. The study utilized Computational Fluid Dynamics (CFD) and Finite Element Modeling (FEM) for the design and simulation, and the structural plans were obtained from the National Grid Corporation of the Philippines (NGCP). Modes of failure identified were local buckling at the base of the monopole or at the section right above its splice connections, as well as extreme deflection of the structure's unsupported end. The resulting maximum deflection did not reach the failure criterion which is 5% of the total height of the monopole. In addition, using the Maximum Equivalent Stress Theory, the structure was identified to have a safety factor greater than 1 for both windspeeds, manifesting its adequacy; though, it became critical at 351 kph winds because a minimum safety factor of 1.12 was obtained. This study, however, did not take into account the terrain conditions, imperfections in the manufacture or installation of the monopole, as well as the vibratory effects of the transmission lines since it was modeled as tension-only springs. Moreover, a simplified constant mean velocity was used, instead of the unsteady wind velocity which is more realistic. Through this study, the response or behavior of the monopoles on high wind events, such as typhoons, was understood; and the location of the critical section of the structure was also determined.</subfield>
  </datafield>
  <datafield tag="650" ind1=" " ind2="0">
   <subfield code="a">Electric lines</subfield>
   <subfield code="x">Poles and towers.</subfield>
  </datafield>
  <datafield tag="650" ind1=" " ind2="0">
   <subfield code="a">Failure analysis (Engineering)</subfield>
  </datafield>
  <datafield tag="700" ind1="1" ind2=" ">
   <subfield code="a">Hernandez, Jaime Y.</subfield>
   <subfield code="c">Jr.</subfield>
   <subfield code="e">adviser.</subfield>
  </datafield>
  <datafield tag="842" ind1=" " ind2=" ">
   <subfield code="a">Thesis</subfield>
  </datafield>
  <datafield tag="905" ind1=" " ind2=" ">
   <subfield code="a">FI</subfield>
  </datafield>
  <datafield tag="905" ind1=" " ind2=" ">
   <subfield code="a">UP</subfield>
  </datafield>
  <datafield tag="852" ind1="0" ind2=" ">
   <subfield code="a">UPD</subfield>
   <subfield code="b">DENG-II</subfield>
   <subfield code="h">LG 993.5 2016 E63</subfield>
   <subfield code="i">N68</subfield>
  </datafield>
  <datafield tag="942" ind1=" " ind2=" ">
   <subfield code="a">Thesis</subfield>
  </datafield>
 </record>
</collection>
